Vowel-less: African Countries Quiz Stats

 Plays Quiz not verified by Sporcle

Challenge
Share
Tweet
Embed
Score 0/53 Timer 06:00
0 Plays Today
Vowel-less Country % Correct
dmcrtc rpblc f th cngDemocratic Republic of the Congo
94.1%
tnznTanzania
94.1%
nmbNamibia
94.1%
swzlndSwaziland
94.1%
gptEgypt
91.2%
mlMali
91.2%
ngrNiger & Nigeria
91.2%
chdChad
91.2%
sth sdnSouth Sudan
91.2%
rwndRwanda
91.2%
cntrl frcn rpblcCentral African Republic
91.2%
gbnGabon
91.2%
bnnBenin
91.2%
ghnGhana
91.2%
srr lnSierra Leone
91.2%
gn-bssGuinea-Bissau
91.2%
snglSenegal
91.2%
gmb(The) Gambia
91.2%
zmbZambia
91.2%
zmbbwZimbabwe
91.2%
sth frcSouth Africa
91.2%
cmrsComoros
91.2%
mrccMorocco
88.2%
lgrAlgeria
88.2%
tnsTunisia
88.2%
lbLibya
88.2%
brkn fsBurkina Faso
88.2%
Vowel-less Country % Correct
sdnSudan
88.2%
djbtDjibouti
88.2%
smlSomalia
88.2%
gndUganda
88.2%
brndBurundi
88.2%
rpblc f th cngRepublic of the Congo
88.2%
qtrl gnEquatorial Guinea
88.2%
cmrnCameroon
88.2%
tgTogo
88.2%
ct d'vrCôte d'Ivoire
88.2%
lbrLiberia
88.2%
cb vrdCabo Verde
88.2%
s tm nd prncpSão Tomé & Príncipe
88.2%
mlwMalawi
88.2%
btswnBotswana
88.2%
mzmbqMozambique
88.2%
lsthLesotho
88.2%
schllsSeychelles
88.2%
mdgscrMadagascar
88.2%
mrtnMauritania
85.3%
thpEthiopia
85.3%
rtrEritrea
85.3%
nglAngola
85.3%
mrtsMauritius
82.4%
knKenya
79.4%
gnGuinea
79.4%

You're not logged in!

Compare scores with friends on all Sporcle quizzes.
OR
Log In

You Might Also Like...

Show Comments

Extras

Created Dec 12, 2016ReportNominate
Tags:Africa Quiz, Country Quiz, vowel

Top Quizzes Today


Score Distribution

Your Account Isn't Verified!

In order to create a playlist on Sporcle, you need to verify the email address you used during registration. Go to your Sporcle Settings to finish the process.

Report this User

Report this user for behavior that violates our Community Guidelines.

Details: